000 01457nam0a2200361 i 4500
001 RU\NLR\BIBL_A\010918439
005 20240921161336.0
010 _a9785990641167
_9100
021 _aRU
_b2015-90443
_95573
035 _a(NILC)RuMoRGB-008076990
035 _a(NLR Aleph) 010918439
090 _a10664764
_c10664764
100 _a20151204d2015 km y0rusy50 ca
101 0 _arus
102 _aRU
105 _ay|||e|||000yy
200 1 _aСловарь русских говоров Кузбасса
_e(дополнение)
_e[около 2400 слов и фразеологическх единиц
_fсост.: Н.А. Баланчик, Н.С. Баланчик]
210 _aНовокузнецк
_cЛогус-Пресс
_d2015
215 _a159 с.
_d20
320 _aБиблиогр. в подстроч. примеч.
606 1 _aРусский язык
_xДиалектные словари
_91575506
_3RU\NLR\AUTH\66990203
606 1 _aРусский язык
_xДиалекты
_yКемеровская область
_91531808
_3RU\NLR\AUTH\66968466
675 _a811.161.1
686 1 _aШ141.12-451
686 1 _aШ141.12-518
702 1 _aБаланчик
_bН. А.
_gНиколай Андреевич
_4220
801 0 _aRU
_bРГБ
_c20151120
_gRCR
801 1 _aRU
_bРГБ
_c20151120
_2rusmarc
942 _cBOOK
980 _aNBR